[Event "IV Copa Marcel Duchamp 2020"]
[Site "Montevideo"]
[Date "2020.02.10"]
[Round "4.1"]
[White "Hernandez Guerrero, Gilberto"]
[Black "Diaz Hollemaert, Nahuel"]
[Result "1-0"]
[WhiteElo "2557"]
[BlackElo "2450"]
[Annotator "TA"]
[PlyCount "55"]
[EventDate "2020.02.08"]
[EventType "swiss"]
[EventCountry "URU"]
[SourceTitle "playchess.com"]
[Source "ChessBase"]
[SourceQuality "1"]

{[%evp 9,55,12,15,23,12,26,46,9,15,0,0,-12,-10,-12,14,-12,10,-15,0,0,47,42,46,51,55,44,84,64,118,97,116,122,113,118,179,181,155,99,112,104,129,20,17,21,179,180,184,173]} 1. e4 e5 2. Bc4 Nf6 3. d3 c6 4. Nf3 d5 5. Bb3 Bb4+ 6. Bd2 {C24: Bishop's Opening: 2...Nf6.} Bxd2+ 7. Qxd2 $1 {[%mdl 4] is currently scoring better than 7.Nbxd2.} Qc7 {[#]} 8. exd5 $146 {White is slightly better.} (8. Qg5 $5 {[%cal Rg5g7]} O-O 9. Qxe5 Qxe5 10. Nxe5 $11) ({Predecessor:} 8. Qg5 O-O 9. Qxe5 Qxe5 10. Nxe5 dxe4 11. dxe4 Nxe4 12. Nd2 Nxd2 13. Kxd2 Nd7 14. Nd3 {½-½ (30) Ponomariov,R (2686)-Meier,G (2638) Linares 2018}) 8... cxd5 9. Nc3 d4 10. Nd5 Nxd5 11. Bxd5 Qd6 12. Bb3 (12. c4 {is interesting.} f6 13. O-O Nc6 14. Rfe1 Ne7 15. Be4) 12... O-O (12... h6 {feels hotter.} 13. O-O Nc6 14. h3 O-O 15. Rfe1 Re8) 13. O-O Be6 14. Bxe6 fxe6 15. Rae1 $36 {[%mdl 2048] White is more active.} Nc6 16. Re4 Rf5 17. Qe2 Rc8 18. a3 h5 ({Better is} 18... Rcf8 $14) 19. h3 Rcf8 20. Nh4 Rg5 21. Re1 Qc7 (21... a5 $16 {was worth a try.}) 22. b4 a6 {[#]} 23. Qd2 (23. f4 $142 $1 {[%cal Rf4g5][%mdl 512]} exf4 24. Rxe6) 23... Qd8 $16 24. Kh1 Qf6 {[#]} 25. a4 (25. f4 $1 $16 {[%mdl 512]} exf4 26. Rxe6) 25... Ne7 $11 {[#]} 26. f4 $1 {[%mdl 512]} Rg3 $2 (26... Rg4 $1 $11 27. Nf3 (27. hxg4 Qxh4+ 28. Kg1 hxg4 $11) 27... Rxf4) (26... exf4 27. Rxe6) 27. fxe5 $18 Qf2 {[#]} 28. R1e2 $1 {Accuracy: White = 77%, Black = 54%.} 1-0

[Event "IV Copa Marcel Duchamp 2020"]
[Site "Montevideo"]
[Date "2020.02.10"]
[Round "4.2"]
[White "Hoffman, Alejandro"]
[Black "Tristan, Leonardo"]
[Result "1/2-1/2"]
[WhiteElo "2472"]
[BlackElo "2533"]
[Annotator "TA"]
[PlyCount "30"]
[EventDate "2020.02.08"]
[EventType "swiss"]
[EventCountry "URU"]
[SourceTitle "playchess.com"]
[Source "ChessBase"]
[SourceQuality "1"]

{[%evp 23,30,25,39,12,39,28,36,52,41]} 1. d4 d6 2. e4 Nf6 3. Nc3 g6 4. g3 Bg7 5. Bg2 O-O 6. Nge2 e5 7. h3 Nc6 8. Be3 exd4 9. Nxd4 Re8 10. O-O Bd7 11. a4 a6 12. Re1 Nb4 13. Nde2 {[#] B07: Pirc Defence: Miscellaneous Systems.} Qc8 $146 ({Predecessor:} 13... a5 14. Nf4 Ra6 15. Qd2 Qc8 16. Kh2 Rc6 17. Nfd5 Nbxd5 18. exd5 Rc4 19. Nb5 Re5 20. Bg5 Rxe1 21. Rxe1 Rxa4 {0-1 (34) Mate Adan,C (2262)-Movsziszian,K (2505) Vila Real 2001}) 14. Nf4 Bc6 {[%cal Rf6e4]} 15. Qd2 a5 1/2-1/2

[Event "IV Copa Marcel Duchamp 2020"]
[Site "Montevideo"]
[Date "2020.02.10"]
[Round "4.3"]
[White "Liascovich, Lucas"]
[Black "Vazquez, Guillermo"]
[Result "0-1"]
[WhiteElo "2425"]
[BlackElo "2524"]
[Annotator "TA"]
[PlyCount "62"]
[EventDate "2020.02.08"]
[EventType "swiss"]
[EventCountry "URU"]
[SourceTitle "playchess.com"]
[Source "ChessBase"]
[SourceQuality "1"]

{[%evp 16,62,18,16,13,-8,0,-11,-16,-41,-4,-18,-32,-22,-29,-65,-61,-71,-77,-84,-79,-58,-20,-26,-33,-34,-13,-91,-56,-64,-64,-69,-62,-68,-75,-62,-33,-119,-116,-149,-152,-225,-230,-300,-312,-528,-522,-29996,-29997]} 1. d4 Nf6 2. Nf3 e6 3. e3 d5 4. Bd3 c5 5. b3 Nc6 6. Bb2 Bd6 7. O-O O-O 8. Nbd2 b6 9. a3 Bb7 {D05: Colle System with ...e6.} 10. Ne5 {10.Qe2 is the hot move.} Rc8 11. f4 Ne7 {The position is equal.} 12. Qf3 b5 {Strongly threatening ...c4.} 13. dxc5 Bxc5 14. b4 Bb6 $1 15. Kh1 {[#]} Ne4 $1 {[%mdl 512]} 16. Nxe4 dxe4 17. Bxe4 Bxe4 18. Qxe4 Qd5 19. Qxd5 Nxd5 20. Nd7 $1 {[%cal Rd7f8] [#]} Nxe3 $146 ({Predecessor:} 20... Rfd8 21. Nxb6 axb6 22. Bd4 Rxc2 23. h3 f5 24. a4 bxa4 25. Rxa4 Rd7 26. b5 Re2 {½-½ (69) Kosic,D (2516)-Dinger,F (2333) Budapest 2008}) 21. Nxb6 (21. Rf3 $11 {remains equal.} Rxc2 22. Nxf8 Kxf8 23. Be5) 21... axb6 22. Rf3 Nxc2 23. Rd1 Rfd8 24. Rfd3 $1 {[%cal Rd3d8]} Rxd3 25. Rxd3 $15 {[%mdl 4096] Endgame KRB-KRN} h5 26. h3 (26. Kg1 $15) 26... Rc4 27. f5 exf5 28. Rd5 (28. Rg3 $17) 28... Ne3 $19 29. Rxb5 f4 {Threatens to win with ...Rc2!} 30. Rxh5 $2 {[#]} (30. Kg1) 30... Rc2 $1 {[%csl LRb2,LRg2][%mdl 576] Double Attack} 31. Bd4 Rc1+ {Accuracy: White = 35%, Black = 77%.} 0-1

[Event "IV Copa Marcel Duchamp 2020"]
[Site "Montevideo"]
[Date "2020.02.10"]
[Round "4.4"]
[White "Acosta, Pablo Ismael"]
[Black "Rodriguez Vila, Andres"]
[Result "1-0"]
[WhiteElo "2416"]
[BlackElo "2492"]
[Annotator "TA"]
[PlyCount "77"]
[EventDate "2020.02.08"]
[EventType "swiss"]
[EventCountry "URU"]
[SourceTitle "playchess.com"]
[Source "ChessBase"]
[SourceQuality "1"]

{[%evp 9,77,0,0,13,30,21,6,9,18,10,28,23,32,31,9,16,29,19,39,0,0,0,19,28,20,14,21,24,95,87,88,89,97,88,92,87,85,85,88,92,128,81,125,120,233,228,275,266,268,241,407,248,377,363,720,720,716,703,700,688,1373,1324,6628,894,5425,1993,29973,29978,29978,29979]} 1. c4 e5 2. g3 Nf6 3. Bg2 h6 4. Nc3 Bb4 5. e4 O-O 6. Nge2 {[#] A20: English Opening: 1...e5.} Re8 $146 ({Predecessor:} 6... d6 7. a3 Bxc3 8. Nxc3 Be6 9. b3 Qd7 10. O-O Nc6 11. Ne2 Bh3 12. f3 Nd4 13. Bxh3 Qxh3 14. Nxd4 exd4 {1-0 (28) Martins,D (2384)-Hanley,C (2457) England 2018}) 7. O-O a5 8. h3 {The position is equal.} d6 9. d3 c6 10. Be3 Na6 11. d4 exd4 12. Bxd4 Nc5 {[%cal Rf6e4]} 13. Qc2 Ne6 14. Bxf6 Qxf6 15. Rad1 Nc5 16. a3 Bxc3 $1 17. Nxc3 a4 18. f4 Be6 (18... Qe7 $11 {remains equal.}) 19. Rxd6 $16 {Strongly threatening Qf2.} Qe7 20. Rfd1 $1 $36 {[%mdl 2048] Keeping Black busy.} Bxc4 {[#] aiming for ...Bb3.} 21. Qf2 $1 {[%cal Rf2c5]} Bb3 {[#]} 22. R1d2 $1 ({Worse is} 22. Qxc5 Bxd1 23. e5 (23. Nxd1 $2 Rad8 $19) 23... Bb3 $17) 22... Ra5 23. e5 Be6 24. g4 Bc8 25. Rd1 Rf8 26. Qd4 h5 (26... Qc7 $16 {was called for.}) 27. Qb4 $18 ({Don't do} 27. gxh5 $6 Be6 $16) 27... Qc7 28. gxh5 Be6 29. Kh1 Rfa8 $2 (29... Re8 30. h6 g6) 30. Qd4 Bf5 (30... Re8 {is a better defense.} 31. Qf2 Bb3) 31. h6 Ne6 $2 (31... Qe7 32. Ne4 (32. hxg7 Qh4 $16) 32... Bxe4) 32. Qf2 g6 33. Rd7 Qc8 {[#]} 34. h7+ $1 {[%mdl 576] Deflection, Decoy} Kxh7 35. Rxf7+ Ng7 36. Qh4+ Kg8 37. Re7 Qf8 38. Ne4 Nh5 39. Nf6+ {Accuracy: White = 86%, Black = 50%.} 1-0

[Event "IV Copa Marcel Duchamp 2020"]
[Site "Montevideo"]
[Date "2020.02.10"]
[Round "4.5"]
[White "Lima, Darcy"]
[Black "Amura, Claudia"]
[Result "1-0"]
[WhiteElo "2526"]
[BlackElo "2245"]
[Annotator "TA"]
[PlyCount "115"]
[EventDate "2020.02.08"]
[EventType "swiss"]
[EventCountry "URU"]
[SourceTitle "playchess.com"]
[Source "ChessBase"]
[SourceQuality "1"]

{[%evp 9,115,12,14,23,16,9,20,-4,15,9,10,8,18,12,10,4,19,8,6,10,26,8,28,-14,0,0,0,-7,0,0,0,-18,-6,-11,-6,-16,0,0,8,10,15,16,14,29,32,9,15,18,16,-49,-14,-62,-73,-79,-72,-68,-52,-51,-60,-102,-49,-102,0,0,0,0,0,0,55,53,58,73,155,132,140,97,137,85,363,325,298,131,124,126,340,418,445,421,412,400,382,44,393,368,277,0,2386,1958,12841,12842,12837,12835,2996,5816,12838,7058,12833,1352]} 1. d4 d5 2. c4 e6 3. Nc3 a6 4. cxd5 exd5 5. Bf4 Nf6 6. e3 {D31: Queen's Gambit Declined: Semi-Slav without ...Nf6 (+ Marshall Gambit and Noteboom) and Exchange Variation lines without ...Nf6.} Bd6 7. Nge2 O-O {[#]} 8. g3 $146 {The position is equal.} ({Predecessor:} 8. h3 c6 9. Qc2 a5 10. Bxd6 Qxd6 11. Nf4 Re8 12. Be2 Nbd7 13. O-O Nf8 14. Na4 {0-1 (39) Rasmussen,A (2543)-Prusikin,M (2510) Germany 2018}) 8... Bg4 9. Bxd6 Qxd6 10. Bg2 Nbd7 11. O-O Bxe2 12. Qxe2 Rae8 13. Qc2 c6 14. Qb3 Qb8 15. Qb4 Ne4 16. a4 Ndf6 17. Ne2 Nd6 18. Nf4 Nfe4 19. Nd3 Re6 20. Nc5 Nxc5 21. dxc5 Ne4 22. Qd4 f5 23. b4 g5 24. b5 f4 25. bxc6 bxc6 26. f3 Nf6 27. Rab1 Qc7 28. exf4 gxf4 29. g4 (29. Bh3 $11 Re7 30. gxf4) 29... Nd7 30. Rb3 Rb8 31. Rfb1 Rxb3 32. Rxb3 Qe5 33. Qxe5 Rxe5 $15 {[%mdl 4096] Endgame KRB-KRN} 34. Rb4 Nxc5 (34... a5 $17 35. Rxf4 Nxc5) 35. Rxf4 (35. Bf1 $15) 35... Re1+ (35... a5 $1 $17 36. h4 h6) 36. Bf1 $11 Kg7 37. g5 a5 38. h4 Ra1 (38... Re7 $11) 39. Rf6 $14 Nb3 40. Kf2 $1 Rxa4 ({Black should play} 40... h5) 41. h5 $1 $16 Nd4 42. h6+ {[%mdl 1024] White has strong compensation.} Kg8 43. Bh3 (43. Bd3 $142 {aiming for g6.} Ra3 44. Ke3) 43... Ra3 $2 {[%mdl 8192]} (43... Rb4 $16) 44. Bg4 $1 $18 Rb3 {[#] With the idea ...a4.} 45. Bh5 (45. Rd6 $1 $18) 45... Rb7 $16 46. Ke3 Nc2+ $2 (46... c5 $16 {might work better.}) 47. Kd3 $18 Nb4+ 48. Kd4 a4 {And now ...a3 would win.} 49. Bg4 {Be6+ would kill now.} Rb8 {White must now prevent ...a3.} 50. Be6+ Kh8 51. Rf7 {Strongly threatening Bf5.} Nc2+ 52. Kd3 $2 (52. Kc5 $18) 52... Nb4+ $2 {[%mdl 8192]} (52... Ne1+ $11 53. Ke2 Nc2) 53. Kd2 {White is clearly winning.} a3 54. Bf5 Kg8 55. Rg7+ Kf8 56. Rxh7 {White wants to mate with Rd7.} a2 {[#]} 57. Ra7 $1 {Threatening mate with g6.} Rb7 58. h7 {Accuracy: White = 79%, Black = 68%.} (58. Ra8+ $142 Ke7 59. h7) 1-0

[Event "IV Copa Marcel Duchamp 2020"]
[Site "Montevideo"]
[Date "2020.02.10"]
[Round "4.6"]
[White "Hungaski, Robert"]
[Black "Carbone, Diego"]
[Result "1-0"]
[WhiteElo "2504"]
[BlackElo "2239"]
[Annotator "TA"]
[PlyCount "51"]
[EventDate "2020.02.08"]
[EventType "swiss"]
[EventCountry "URU"]
[SourceTitle "playchess.com"]
[Source "ChessBase"]
[SourceQuality "1"]

{[%evp 16,51,29,40,39,19,54,46,50,46,75,78,95,75,92,27,39,32,179,163,136,150,105,158,135,151,106,38,40,20,756,451,760,742,741,701,906,909]} 1. d4 Nf6 2. c4 g6 3. f3 d5 4. cxd5 Nxd5 5. e4 Nb6 6. Nc3 Bg7 7. Be3 O-O 8. Qd2 Nc6 9. O-O-O f5 {D70: Grünfeld: Unusual White 3rd moves (met by ...d5).} 10. h4 e5 {[%cal Re5d4]} 11. d5 $1 {[%cal Rd5c6]} Nd4 $1 {White is slightly better.} 12. h5 $1 c6 {[%cal Rc6d5]} 13. hxg6 hxg6 {[#]} 14. exf5 $146 ({Predecessor:} 14. Bh6 f4 15. Nge2 Bxh6 16. Rxh6 c5 17. b3 Bd7 18. Nxd4 cxd4 19. Nb5 Kg7 20. Rh1 Bxb5 21. Bxb5 {1-0 (41) Def,P (1869)-Reppert,V (1928) LSS email 2009}) 14... Bxf5 15. g4 ({White should play} 15. dxc6 $16 bxc6 16. g4) 15... Bc2 $11 16. Qh2 Kf7 (16... Bxd1 $14 17. Qh7+ Kf7) 17. Bxd4 $18 exd4 18. Kxc2 {[#] dxc6 is the strong threat.} dxc3 19. dxc6 Nd5 {aiming for ...Ne3+.} 20. Bc4 $36 {[%mdl 2048] Keeping Black busy.} bxc6 {[#]} 21. Ne2 ({White should try} 21. Nh3 $1 $16) 21... cxb2 $14 22. Kb1 {Threatens to win with Nf4.} Rb8 $2 {[%mdl 8192]} (22... Rh8 $11 23. Qf4+ Qf6) 23. Nf4 {[%cal Rf4d5] White is clearly winning.} Qd6 (23... Rh8 $142 24. Qc2 Qg5) 24. Nxd5 $18 {[%mdl 64] Discovered Attack} Qxh2 25. Nc7+ ({Less strong is} 25. Rxh2 cxd5 26. Rxd5 (26. Bxd5+ Kf6 $16) 26... Rfe8 $16) 25... Ke7 26. Rxh2 {Accuracy: White = 71%, Black = 31%.} 1-0

[Event "IV Copa Marcel Duchamp 2020"]
[Site "Montevideo"]
[Date "2020.02.10"]
[Round "4.7"]
[White "Larrea, Manuel"]
[Black "Roselli Mailhe, Bernardo"]
[Result "0-1"]
[WhiteElo "2243"]
[BlackElo "2433"]
[Annotator "TA"]
[PlyCount "60"]
[EventDate "2020.02.08"]
[EventType "swiss"]
[EventCountry "URU"]
[SourceTitle "playchess.com"]
[Source "ChessBase"]
[SourceQuality "1"]

{[%evp 15,60,106,93,104,95,0,23,43,54,50,56,61,139,115,134,0,0,-56,-28,-39,-37,-34,-30,-34,-43,-42,-29,-34,-24,-181,-171,-174,-187,-228,-198,-487,-482,-468,-463,-492,-468,-1022,-993,-5127,-4998,-5497,-5485]} 1. e4 e6 2. d4 d5 3. Nc3 Bb4 4. e5 c5 5. a3 Ba5 6. b4 cxd4 7. Qg4 Ne7 8. bxa5 dxc3 9. Qxg7 {C18: French: 3 Nc3 Bb4: Main line: 7 h4 and 7 Qg4.} Rg8 10. Qh6 (10. Qxh7 $16 Nbc6 11. Nf3) 10... Qc7 11. Nf3 {White has an edge.} Nbc6 12. Bf4 {[#]} Bd7 $146 ({Predecessor:} 12... Qxa5 13. Bg3 Bd7 14. Bd3 O-O-O 15. O-O Ng6 16. Qxh7 Rdf8 17. Qh6 Nce7 18. Qe3 Kb8 {1-0 (69) Rumjantsev,J (2201)-Bivol,A (2017) Dmitrov 2010}) 13. Bd3 Rxg2 {[#]} (13... Qxa5 $14 14. O-O (14. Qxh7 Qa4 $11) 14... O-O-O) 14. Bg3 $1 $16 O-O-O ({Don't blunder} 14... Nxa5 $2 15. Kf1 $18) 15. Qh3 {[#]} (15. Kf1 $16 Rxg3 16. hxg3) 15... Rxg3 $1 $11 {[%mdl 512]} 16. Qxg3 (16. hxg3 $11 Ng6 17. a6) (16. fxg3 Nxe5) 16... Ng6 17. a6 b6 {[%cal Rc6e5]} 18. Bxg6 hxg6 19. O-O Kb8 20. Rfe1 Bc8 21. Qf4 Bxa6 22. Ng5 $2 (22. Rad1 $11 {and White stays safe.}) 22... Rd7 $19 23. Nf3 d4 24. Rad1 {[%cal Rf3d4]} Qd8 25. Ng5 $2 (25. h3 {was worth a try.}) 25... d3 {Black is clearly winning.} 26. cxd3 c2 27. Rd2 Rd4 28. Ne4 (28. Qg3 $142 Rxd3 29. Rxd3 Bxd3 30. Kg2) 28... Bxd3 29. Rxd3 Rxd3 30. Nd6 {[#]} Rd1 $1 {Accuracy: White = 45%, Black = 85%.} 0-1

[Event "IV Copa Marcel Duchamp 2020"]
[Site "Montevideo"]
[Date "2020.02.10"]
[Round "4.8"]
[White "Munoz Perez, Rolando"]
[Black "De Dovitiis, Alejo"]
[Result "1/2-1/2"]
[WhiteElo "2130"]
[BlackElo "2314"]
[Annotator "TA"]
[PlyCount "72"]
[EventDate "2020.02.08"]
[EventType "swiss"]
[EventCountry "URU"]
[SourceTitle "playchess.com"]
[Source "ChessBase"]
[SourceQuality "1"]

{[%evp 20,72,9,11,15,8,11,13,22,0,10,0,23,-17,-12,-15,36,36,47,0,0,0,0,0,0,-7,0,-2,22,0,0,0,0,0,0,0,21,0,21,0,21,12,24,24,24,12,51,51,51,0,0,0,0,0,0]} 1. d4 e6 2. Nf3 Nf6 3. c4 Bb4+ 4. Bd2 Qe7 5. Nc3 O-O 6. g3 Bxc3 7. Bxc3 Ne4 8. Rc1 b6 9. Bg2 Bb7 10. O-O Nxc3 11. Rxc3 d6 {E16: Queen's Indian: 4 g3 Bb7 5 Bg2 Bb4+.} 12. d5 e5 13. e4 Nd7 14. Ne1 a5 15. f4 {[#]} Nc5 $146 ({Predecessor:} 15... Ba6 16. Nf3 b5 17. cxb5 Bxb5 18. Re1 Ra7 19. Qc2 exf4 20. Nd4 Rb7 21. Rxc7 Bd3 22. Rxd7 Qxd7 23. Qxd3 {1-0 (33) Halasz,T (2373)-Pfleger,S Recklinghausen 2000}) 16. Nd3 Nxd3 17. Qxd3 Bc8 (17... exf4 $1 $11 18. Rxf4 (18. gxf4 f5 $11) 18... f6) 18. f5 $14 f6 19. a4 Bd7 20. b3 Kf7 21. Qe2 Rh8 22. Qh5+ Kf8 23. g4 Qf7 24. Qh4 h6 25. Qf2 Ke7 26. Rg3 Rag8 27. h4 Kd8 28. Qe3 Qe7 29. Kf2 Kc8 30. Ke1 Kb7 31. Bf3 g6 {White should prevent ...gxf5.} 32. Rfg1 g5 33. Rh3 Be8 34. Rgh1 (34. Kd1 $14) 34... h5 $11 {The position is equal.} 35. hxg5 fxg5 36. Qe2 {[%cal Rg4h5]} h4 {Accuracy: White = 88%, Black = 92%.} 1/2-1/2

[Event "IV Copa Marcel Duchamp 2020"]
[Site "Montevideo"]
[Date "2020.02.10"]
[Round "4.9"]
[White "Menna Barreto, Felipe Kubiaki"]
[Black "Siddeley, Hugh"]
[Result "1/2-1/2"]
[WhiteElo "2395"]
[BlackElo "1974"]
[Annotator "TA"]
[PlyCount "90"]
[EventDate "2020.02.08"]
[EventType "swiss"]
[EventCountry "URU"]
[SourceTitle "playchess.com"]
[Source "ChessBase"]
[SourceQuality "1"]

{[%evp 15,90,22,33,16,16,21,38,20,21,16,29,0,0,-18,-11,-11,-7,-20,-20,-20,-20,-20,-18,-24,-18,-33,0,-33,-34,-49,-29,-55,-63,-120,-82,-73,-67,-165,-165,-165,-165,-165,-165,-165,-165,-165,-162,-152,-162,-160,-160,-160,-58,-50,-49,-56,-25,-24,-28,-152,-135,-135,-135,-158,-135,-135,-135,-135,-135,-135,-135,-135,-135,-135,-135,-135,-135]} 1. c4 Nf6 2. Nc3 e5 3. Nf3 Nc6 4. e4 Bb4 5. d3 d6 6. Be2 h6 7. O-O Bxc3 8. bxc3 O-O 9. Ne1 {A28: English Opening: Four Knights Variation.} Nh7 10. Rb1 {[#]} b6 $146 ({Predecessor:} 10... Rb8 11. Nc2 f5 12. exf5 Bxf5 13. Ne3 Bg6 14. Bf3 Nf6 15. Nd5 Kh8 16. Nxf6 Qxf6 {0-1 (47) Vuelban,V (2304)-Plischki,S (2347) Marianske Lazne 2017}) 11. Nc2 {White is slightly better.} Ne7 12. f4 f5 13. fxe5 dxe5 14. exf5 Bxf5 15. Ne3 Bg6 16. c5 Rxf1+ 17. Bxf1 Nf6 18. Ng4 Nxg4 19. Qxg4 Qd5 ({Worse is} 19... Bxd3 20. Bxh6 $1 {[%mdl 512]} Bg6 21. Bc4+ Kh8 22. Rd1 $16) 20. Be3 Rd8 21. c4 Qf7 22. Re1 Bxd3 23. cxb6 axb6 24. Bxh6 (24. c5 $15) 24... Rd4 25. Qg3 Nf5 $36 {[%mdl 2048] Black fights for an advantage.} ({Of course not} 25... Bxc4 26. Qxe5 Nf5 27. Bxg7 $11) 26. Qxe5 (26. Qh3 $15 Bxc4 27. Bc1) 26... gxh6 $19 27. Bxd3 Rxd3 28. Rf1 {[#]} Ne3 $1 {[%csl Ge3][%cal Rf7f1][%mdl 576] Double Attack, Discovered Attack} 29. Rxf7 {[%csl Gf7][%cal Re5g7]} Rd1+ 30. Kf2 {[%csl Gf7][%cal Re5g7]} Ng4+ {[%mdl 64] Double Attack} 31. Ke2 {[%csl Gf7][%cal Re5g7]} Nxe5 $17 {[%mdl 4096] Endgame KRN-KR} 32. Re7 Ng6 {aiming for ...Rg1.} 33. Rxc7 Rd6 ({Black should play} 33... Ra1 $17 34. Rc6 Rxa2+ 35. Kf1 Kg7 36. Rxb6 Nh4) 34. g3 Ne5 35. c5 Re6 {Threatens to win with ...bxc5.} 36. cxb6 Rxb6 {...Rb2+ is the strong threat.} 37. h4 (37. a4 $11) 37... Rb2+ {Black is clearly better.} 38. Ke3 Rxa2 39. Kf4 Nf7 40. g4 Rh2 41. Kg3 Rh1 42. Ra7 Kg7 43. Rc7 Rd1 44. Kf4 Rf1+ 45. Kg3 Rg1+ {Accuracy: White = 71%, Black = 81%.} 1/2-1/2

[Event "IV Copa Marcel Duchamp 2020"]
[Site "Montevideo"]
[Date "2020.02.10"]
[Round "4.10"]
[White "Brizzi, Milagros Tatiana"]
[Black "Delgado Ramirez, Neuris"]
[Result "0-1"]
[WhiteElo "2022"]
[BlackElo "2634"]
[Annotator "TA"]
[PlyCount "74"]
[EventDate "2020.02.08"]
[EventType "swiss"]
[EventCountry "URU"]
[SourceTitle "playchess.com"]
[Source "ChessBase"]
[SourceQuality "1"]

{[%evp 19,74,24,25,30,20,29,44,42,42,30,44,24,47,35,65,24,20,25,25,28,100,107,105,100,88,66,76,68,69,44,92,102,91,29,43,-27,-27,-85,-76,-214,-215,-1183,-210,-241,-225,-224,-211,-1033,-418,-750,-783,-687,-493,-482,-472,-29977,-29978]} 1. e4 c5 2. Nf3 d6 3. d3 Nc6 4. g3 g6 5. Bg2 Bg7 6. O-O Nf6 7. c3 O-O 8. Re1 Bg4 9. h3 Bxf3 10. Bxf3 Nd7 11. Bg2 {A05: Réti Opening: 1 Nf3 Nf6.} b5 12. e5 {[#]} Qb6 $146 ({Predecessor:} 12... Qc7 13. exd6 exd6 14. Be3 Rfe8 15. Nd2 Rab8 16. a3 h6 17. Nf3 Nce5 18. Nxe5 Nxe5 19. f4 Nc6 20. Qf3 Ne7 21. Re2 Nf5 22. Bf2 Bf6 23. Rae1 Rxe2 24. Rxe2 b4 {½-½ (24) Masala,P (1867)-Baier,G (2086) IECG email 2007}) 13. exd6 {White is slightly better.} exd6 14. Bf4 Nde5 15. Na3 {[%cal Bb1a3,Ba3c2,Bc2e3,Be3d5][%mdl 32]} Rad8 16. Nc2 b4 17. Ne3 Qa6 18. Bf1 bxc3 19. bxc3 h6 (19... d5 $11 {remains equal.}) 20. Nd5 $1 $16 ({But not} 20. d4 $6 Qa3 $11) 20... Qa5 21. Bg2 Rb8 22. Qd2 Kh7 23. Rab1 Qa6 24. Red1 (24. Rbd1 {is interesting.} c4 25. d4 Nd3 26. Re2 Rb2 27. Qe3) 24... Rfd8 25. Rxb8 Rxb8 26. h4 (26. Qc2 $16) 26... Qa3 $11 27. Qc1 (27. Qe1 $14) 27... Qxa2 28. d4 (28. Qa1 $11 {keeps the balance.} Qxa1 29. Rxa1) 28... cxd4 {And now ...Ng4 would win.} 29. cxd4 {[#]} (29. Bxe5 $17 {was called for.} dxe5 30. h5) 29... Nxd4 $1 $19 {[%mdl 512] Hoping for ...Ne2+.} 30. Qc7 $2 {[#]} ({Avoid the trap} 30. Rxd4 $2 Rb1 $19) (30. Nc3 Qc4 31. Bf1) 30... Ne2+ $2 (30... Ng4 $1 {[%mdl 512]} 31. Be3 Rb1 32. Rxb1 Qxb1+ 33. Bf1 Ne2+ 34. Kg2 Qe4+ {[%mdl 64] Double Attack} 35. f3 Nxe3+ 36. Kf2 Ng4+ $1 {[%mdl 512]} 37. Ke1 Qb1+ 38. Kxe2 Qa2+ {[%mdl 64] Double Attack} 39. Ke1 Qf2+ {[%mdl 64] Double Attack} 40. Kd1 Qxf1+ 41. Kd2 Ne5) 31. Kh1 {[#] Strongly threatening Bxe5.} Nxf4 $1 {[%mdl 512]} 32. Qxb8 {[#]} (32. Nxf4 Rb1) 32... Nxd5 $1 $40 {[%mdl 128] Black goes for the king.} 33. Rxd5 $2 (33. Bxd5 Qxf2 34. h5 Qxg3 35. hxg6+ Nxg6 36. Qb3) 33... Qxf2 (33... Qa1+ $142 34. Kh2 Ng4+ {[%mdl 64] Double Attack} 35. Kh3 Qg1 36. Kxg4 Qxg2) 34. Rd1 (34. Rxe5 $142 Bxe5 35. Qb3) 34... Qxg3 {( -> ...Nf3)} 35. Qxd6 Qxh4+ 36. Kg1 a5 37. Rd5 (37. Qd2 $19) 37... Qe1+ {Accuracy: White = 41%, Black = 73%.} 0-1